LEADER 00954nam0-2200301 --450 001 9911060629303321 005 20260206150627.0 010 $a978-88-93598-93-4 010 $a978-88-93598-94-1$bdigitale 020 $aIT$b2024-10739 100 $a20260206d2024----kmuy0itay5050 ba 101 0 $aita$cita 102 $aIT 105 $a 001yy 200 1 $aA suon di polemiche$eeresia e controversia dottrinale nella crisi religiosa del Cinquecento$fGiorgio Caravale 210 $aRoma$cEdizioni di storia e letteratura$d2024 215 $aXXIV, 266 p.$d21 cm 225 1 $aCulture e religioni in età moderna$v2 610 0 $aDispute teologiche$aEuropa$aSec. 16. 676 $a230.094$v23 700 1$aCaravale,$bGiorgio$0292286 801 0$aIT$bUNINA$gREICAT$2UNIMARC 901 $aBK 912 $a9911060629303321 952 $a940.22 CARG 01$b2026/361$fFLFBC 959 $aFLFBC 996 $aA suon di polemiche$94536779 997 $aUNINA